| 000 | 00355nam a22001217a 4500 | ||
|---|---|---|---|
| 999 |
_c508694 _d508694 |
||
| 020 | _a9788171396900 | ||
| 082 | _aT312x54 B469a | ||
| 100 |
_aRajat Bhargava _94156 |
||
| 110 |
_aPathak, Deenanath _94160 |
||
| 245 |
_aA TO Z Financial management in Autonomous Institutions _cBhargava, Rajat |
||
| 260 |
_aNew Delhi _bJnanada Prakashan _c2017 |
||
| 300 | _a228p. | ||